Statistics for Counting to 100 in Base 7

Click here to take the quiz!

General Stats

  • This quiz has been taken 30 times
  • The average score is 89 of 101

Answer Stats

Base 10Base 7% Correct
00
100%
11
96%
22
96%
33
96%
44
96%
55
96%
710
93%
811
93%
912
93%
1013
93%
1114
93%
1215
93%
1316
93%
1420
93%
1521
93%
1622
93%
1723
93%
1824
93%
1925
93%
2026
93%
2130
93%
2231
93%
2332
93%
2433
93%
2534
93%
2635
93%
2736
93%
66
93%
2840
89%
2941
89%
3042
89%
3143
89%
3244
89%
3345
89%
3446
89%
3550
89%
3651
89%
3752
89%
3853
89%
3954
89%
4055
89%
4156
89%
4260
89%
4361
89%
4462
89%
4563
89%
4664
89%
4765
89%
4866
89%
49100
85%
50101
85%
51102
85%
52103
85%
53104
85%
54105
85%
55106
85%
56110
85%
57111
85%
58112
85%
59113
85%
60114
85%
61115
85%
62116
85%
63120
85%
64121
85%
65122
85%
66123
85%
67124
85%
68125
85%
69126
85%
70130
85%
71131
85%
72132
85%
73133
85%
74134
85%
75135
85%
76136
85%
77140
85%
78141
85%
79142
85%
80143
85%
81144
85%
82145
85%
83146
85%
84150
85%
85151
85%
86152
85%
87153
85%
88154
85%
89155
85%
90156
85%
91160
85%
92161
85%
93162
85%
94163
85%
95164
85%
96165
85%
97166
85%
98200
85%
99201
85%
100202
85%

Score Distribution

Percentile by Number Answered

Percent of People with Each Score

Your Score History

You have not taken this quiz